000 00493nam a22001577a 4500
020 _a9781612680002
040 _cNUST
082 _a322.024,KIY
100 _aKiyosaki, Robert T.
_9134447
245 _aRich dad poor dad:
_bwhat the rich teach their kids about money that the poor and middle class do not /
260 _aUS
_bFirst Plata
_c2011
300 _a183 p.;
650 _astruggled financially
_9134448
651 _a financial independence
_9134449
942 _2ddc
_cBK
_k322.024,KIY
999 _c617441
_d617441